000 00664nam a2200265Ia 4500
005 20251020182455.0
008 200515s9999 xx 000 0 und d
020 _a978-968-24-7984-7
082 _a624.015.2/Ch53
100 _aChiñas de la Torre, Miguel
245 0 _aCálculo estructural : ingeniería civil y arquitectura
250 _a2a ed.
260 _aMéxico, D.F.
260 _bTrillas
260 _c2007
300 _a293 p.
300 _btbl., graf.
500 _a1 ejemplar
650 _aARQUITECTURA
650 _aESTRUCTURAS
650 _aINGENIERIA CIVIL
650 _aTEORIA DE LAS ESTRUCTURAS
942 _cLIB
999 _c986
_d986